| 000 -LEADER |
| fixed length control field |
01046nam a2200265Ia 4500 |
| 001 - CONTROL NUMBER |
| control field |
11959 |
| 003 - CONTROL NUMBER IDENTIFIER |
| control field |
GE_BSU |
| 005 - DATE AND TIME OF LATEST TRANSACTION |
| control field |
20221114105433.0 |
| 008 - FIXED-LENGTH DATA ELEMENTS--GENERAL INFORMATION |
| fixed length control field |
181216s2013||||enk|||||||||||||| ||eng|| |
| 020 ## - INTERNATIONAL STANDARD BOOK NUMBER |
| International Standard Book Number |
9781845413811x |
| 040 ## - CATALOGING SOURCE |
| Transcribing agency |
GE_BSU |
| 041 ## - LANGUAGE CODE |
| Language code of text/sound track or separate title |
eng |
| 080 ## - UNIVERSAL DECIMAL CLASSIFICATION NUMBER |
| Universal Decimal Classification number |
338.48 N-52 |
| 100 ## - MAIN ENTRY--PERSONAL NAME |
| Personal name |
Newsome, David |
| 9 (RLIN) |
14759 |
| 245 ## - TITLE STATEMENT |
| Title |
Natural Area Tourism: |
| Remainder of title |
Ecology, Impacts and Management / |
| Statement of responsibility, etc. |
David Newsome, Dr. Susan A. Moore, Ross K. Dowling. |
| 264 ## - PRODUCTION, PUBLICATION, DISTRIBUTION, MANUFACTURE, AND COPYRIGHT NOTICE |
| Place of production, publication, distribution, manufacture |
Bristol : |
| Name of producer, publisher, distributor, manufacturer |
Channel View Publications Ltd, |
| Date of production, publication, distribution, manufacture, or copyright notice |
2013. |
| 300 ## - PHYSICAL DESCRIPTION |
| Extent |
457p.: |
| Other physical details |
ill.; |
| Dimensions |
24 cm. |
| 653 ## - INDEX TERM--UNCONTROLLED |
| keyword |
ბუნებრივი ტერიტორიის ტურიზმი |
| 653 ## - INDEX TERM--UNCONTROLLED |
| keyword |
ეკოლოგია, ზემოქმედება და მენეჯმენტი |
| 653 ## - INDEX TERM--UNCONTROLLED |
| keyword |
Туризм в природных зонах |
| 653 ## - INDEX TERM--UNCONTROLLED |
| keyword |
экология, воздействие и управление |
| 700 ## - ADDED ENTRY--PERSONAL NAME |
| Personal name |
Moore, Susan A. |
| Relator term |
ავტორი |
| 9 (RLIN) |
14760 |
| 700 ## - ADDED ENTRY--PERSONAL NAME |
| Personal name |
Dowling, Ross K. |
| Relator term |
ავტორი |
| 9 (RLIN) |
14761 |
| 942 ## - ADDED ENTRY ELEMENTS (KOHA) |
| Koha item type |
წიგნი |
| Source of classification or shelving scheme |
|